[Event "Chicago Open 2010"]
[Site "Chicago"]
[Date "2010.05.27"]
[Round "1"]
[White "Fernandez, Daniel"]
[Black "Waller, Matthew"]
[Result "1-0"]
[WhiteElo "2425"]
[BlackElo "2091"]
[PlyCount "45"]
[EventDate "2010.05.??"]
[EventCountry "USA"]
[Source "MonRoi"]

1. d4 d5 2. c4 c6 3. Nf3 Nf6 4. Nc3 dxc4 5. a4 Bf5 6. Ne5 e6 7. f3 c5 8. e4 Bg6
9. d5 exd5 10. exd5 Qe7 11. Qe2 Bd3 12. Nxd3 cxd3 13. Qxe7+ Bxe7 14. Bxd3 O-O
15. Bf4 Re8 16. O-O-O Nbd7 17. g4 a6 18. h4 g6 19. d6 Bf8 20. g5 Nh5 21. Bh2
Ng7 22. Nd5 Rac8 23. Nf6+ 1-0

[Event "Chicago Open 2010"]
[Site "Chicago"]
[Date "2010.05.27"]
[Round "1"]
[White "Hassen, Matt"]
[Black "Holt, Conrad"]
[Result "1/2-1/2"]
[WhiteElo "2070"]
[BlackElo "2375"]
[PlyCount "132"]
[EventDate "2010.05.??"]
[EventCountry "USA"]
[Source "MonRoi"]

1. d4 d5 2. c4 c6 3. Nf3 Nf6 4. e3 Bg4 5. Nc3 e6 6. Qb3 Qb6 7. Nh4 Bh5 8. h3 g5
9. Nf3 h6 10. Ne5 Nfd7 11. Nxd7 Nxd7 12. Bd3 Rg8 13. cxd5 Qxb3 14. axb3 exd5
15. Bd2 Bg6 16. Ke2 a6 17. Rhc1 Bxd3+ 18. Kxd3 O-O-O 19. Na4 Bd6 20. b4 Rde8
21. Nc5 Nxc5+ 22. bxc5 Bc7 23. Rh1 Re6 24. Rag1 f5 25. g3 Kd7 26. h4 g4 27. Ra1
h5 28. Ra3 Bd8 29. Rha1 Bf6 30. Rb3 Kc7 31. Ra4 Rg7 32. Rab4 Kc8 33. Ra3 Rge7
34. Ra1 Re4 35. Ra3 Rf7 36. Ra1 Rg7 37. Rh1 Kb8 38. Ra1 Ka8 39. Rh1 Be7 40. Ra1
Rg6 41. b3 Rge6 42. Rba4 Kb8 43. R1a2 Rg6 44. Ra1 Rg8 45. Rh1 Ka7 46. Rha1 Bd8
47. R4a2 Kb8 48. Ra4 Kc8 49. Rb4 Rg7 50. Rba4 Kd7 51. Rb4 Ke6 52. Rba4 Kf6 53.
Rb4 Ree7 54. Rba4 Rc7 55. Ba5 Rc8 56. Bxd8+ Rxd8 57. Rb4 Re7 58. Rb6 Rdd7 59.
Ra4 Kf7 60. Ra1 Ke8 61. Rb4 Re6 62. Rba4 Kd8 63. R4a2 Kc7 64. Ra4 Re8 65. Rb4
Rg7 66. Rba4 Kc8 1/2-1/2

[Event "Chicago Open 2010"]
[Site "Chicago"]
[Date "2010.05.28"]
[Round "3"]
[White "Applebaum, Andy"]
[Black "Bercys, Salvijus"]
[Result "0-1"]
[WhiteElo "2140"]
[BlackElo "2427"]
[PlyCount "86"]
[EventDate "2010.05.??"]
[EventCountry "USA"]
[Source "MonRoi"]

1. e4 c5 2. Nf3 e6 3. c4 Nc6 4. Nc3 Nf6 5. d4 cxd4 6. Nxd4 Bb4 7. Nxc6 bxc6 8.
Bd3 Bxc3+ 9. bxc3 Qa5 10. O-O O-O 11. Bf4 e5 12. Bg5 Re8 13. Bxf6 gxf6 14. Qg4+
Kf8 15. Qh4 Ke7 16. Rac1 d6 17. f4 Be6 18. Rf2 Rab8 19. fxe5 Qxe5 20. Rcf1 Qg5
21. Qf4 Qxf4 22. Rxf4 Rb2 23. Rxf6 Rxa2 24. c5 dxc5 25. e5 a5 26. Bf5 Bd5 27.
Rf2 Rxf2 28. Kxf2 a4 29. Rd6 Rd8 30. Rxd8 Kxd8 31. Bxh7 a3 32. Bb1 a2 33. Bxa2
Bxa2 34. Ke3 Ke7 35. h4 Ke6 36. Kf4 Bb1 37. g4 Bc2 38. c4 Bd3 39. h5 Bxc4 40.
Ke4 Ba2 41. Kf4 Bb1 42. Kg5 Kxe5 43. Kh6 f6 0-1

[Event "Chicago Open 2010"]
[Site "Chicago"]
[Date "2010.05.29"]
[Round "4"]
[White "Applebaum, Andy"]
[Black "Cardona, Liulia"]
[Result "1-0"]
[WhiteElo "2140"]
[BlackElo "2193"]
[PlyCount "79"]
[EventDate "2010.05.??"]
[EventCountry "USA"]
[Source "MonRoi"]

1. e4 e5 2. Nf3 d6 3. d4 Bg4 4. dxe5 Nd7 5. exd6 Bxd6 6. Bb5 Qe7 7. Bxd7+ Qxd7
8. e5 Bb4+ 9. c3 Qxd1+ 10. Kxd1 O-O-O+ 11. Ke2 Bc5 12. Be3 Bxe3 13. Kxe3 Ne7
14. Nbd2 Nd5+ 15. Ke4 f5+ 16. Kd4 Nf4+ 17. Kc4 Bh5 18. Kb3 g5 19. Nc4 h6 20.
Nd4 Bf7 21. a4 Nd3 22. e6 Nc5+ 23. Kb4 Nxe6 24. Nxf5 Nf4 25. Nfe3 Nd3+ 26. Ka3
Rde8 27. Rhf1 Bg6 28. Rad1 Rhf8 29. f3 h5 30. Rd2 h4 31. Rfd1 Nf4 32. Ng4 Bh5
33. Nge5 h3 34. g4 Bf7 35. Nxf7 Rxf7 36. Ne3 Rff8 37. Nf5 b6 38. Rd7 Re2 39.
Rg7 Ne6 40. Re7 1-0

[Event "Chicago Open 2010"]
[Site "Chicago"]
[Date "2010.05.30"]
[Round "6"]
[White "Mulyar, Michael"]
[Black "Hassen, Matt"]
[Result "1-0"]
[WhiteElo "2398"]
[BlackElo "2070"]
[PlyCount "65"]
[EventDate "2010.05.??"]
[EventCountry "USA"]
[Source "MonRoi"]

1. c4 c6 2. d4 d5 3. Nc3 Nf6 4. e3 e6 5. Nf3 Nbd7 6. Bd3 dxc4 7. Bxc4 b5 8. Bd3
Bd6 9. O-O O-O 10. b3 Qe7 11. Bb2 e5 12. Ne4 Nxe4 13. Bxe4 Bb7 14. dxe5 Bc7 15.
Ba3 b4 16. Bxb4 Qxb4 17. Qxd7 Qxe4 18. Qxc7 c5 19. Qxc5 Qg4 20. h3 Qg6 21. Nh4
Qh6 22. Qb4 Bc8 23. Nf3 Qg6 24. Kh2 h6 25. Rfd1 a5 26. Qf4 Bb7 27. Rd6 Qc2 28.
Nd4 Qb2 29. Rd1 Rae8 30. a4 Re7 31. Qg3 g6 32. Nf5 Rxe5 33. Rxg6+ 1-0

[Event "Chicago Open 2010"]
[Site "Chicago"]
[Date "2010.05.30"]
[Round "6"]
[White "Cao, Kevin"]
[Black "Kobas, Adnan"]
[Result "1/2-1/2"]
[WhiteElo "1998"]
[BlackElo "2320"]
[PlyCount "88"]
[EventDate "2010.05.??"]
[EventCountry "USA"]
[Source "MonRoi"]

1. e4 c5 2. Nf3 a6 3. d4 cxd4 4. Nxd4 Nf6 5. Nc3 e5 6. Nb3 Bb4 7. Bd3 b5 8. Bd2
d6 9. Qe2 O-O 10. O-O Nbd7 11. a3 Bxc3 12. Bxc3 Bb7 13. Rad1 Re8 14. Bb4 Qb6
15. Na5 Nc5 16. Nxb7 Qxb7 17. Rde1 Rac8 18. Bxc5 dxc5 19. c3 Rcd8 20. Bb1 Rd7
21. f4 Qc7 22. f5 Red8 23. Rd1 h5 24. Bc2 c4 25. Rxd7 Rxd7 26. h3 h4 27. Rd1 a5
28. Rxd7 Qxd7 29. Qe1 Qd6 30. Kh2 Qd8 31. a4 Qb6 32. Qe2 Qc6 33. axb5 Qxb5 34.
b3 Qc5 35. bxc4 Qa3 36. Qe3 Qa2 37. Qd3 Qa3 38. Qe3 Nd7 39. Qd3 Qe7 40. Qd5 Kh7
41. Qxa5 Qg5 42. Qa1 Qe3 43. Qd1 Qxc3 44. Qxd7 Qg3+ 1/2-1/2